| 000 | 01186 a2200337 4500 | ||
|---|---|---|---|
| 651 |
_927175 _aCaucasus _xHistory |
||
| 651 |
_9120957 _aKafkasya _xTarih |
||
| 999 |
_c200130283 _d30794 |
||
| 001 | 200130283 | ||
| 003 | TR-AnTOB | ||
| 005 | 20240115134922.0 | ||
| 008 | 130820s2013 tu 000 0 | ||
| 020 | _a9789944537223 | ||
| 040 |
_aTR-AnTOB _cTR-AnTOB |
||
| 041 | _atur | ||
| 050 | 0 | 0 |
_aDK511.C1 _bY35 2006 |
| 090 | _aDK511.C1 Y35 2006 | ||
| 100 | 1 |
_aYalçınkaya, Alaeddin, _d1961- _992364 |
|
| 245 | 1 | 0 |
_aKafkasya'da siyasi gelişmeler : _betnik düğümden küresel kördüğüme / _cAlaeddin Yalçınkaya. |
| 246 | 3 | 0 | _aEtnik düğümden küresel kördüğüme. |
| 264 | 1 |
_aAnkara : _bLalezar Kitabevi, _c2006. |
|
| 300 |
_a319 s. ; _c20 cm. |
||
| 490 | 0 |
_aLalezar ; _vyayın no. 5. |
|
| 504 | _aBibliyografya (s. 385-406) ve dizin var. | ||
| 651 |
_aCaucasus _xEthnic relations _992366 |
||
| 651 | 7 |
_aKafkasya _xDış ilişkiler _zRusya _2etuturkob _9144632 |
|
| 651 |
_aCaucasus _xForeign relations _zRussia _992368 |
||
| 651 |
_aKafkasya _xEtnik ilişkiler _968904 |
||
| 651 |
_aKafkasya _xSiyaset ve yönetim _y20. yüzyıl _943203 |
||
| 651 |
_aCaucasus _xPolitics and government _920927 |
||
| 942 |
_cBK _2lcc |
||